| 000 | 01313nam a2200349Ia 4500 | ||
|---|---|---|---|
| 001 | ebr10586981 | ||
| 003 | CaPaEBR | ||
| 006 | m u | ||
| 007 | cr cn||||||||| | ||
| 008 | 060426s2006 nyua s 001 0 eng d | ||
| 010 | _z 2006013881 | ||
| 020 | _z1588904830 (alk. paper) | ||
| 020 | _z3131430710 (alk. paper) | ||
| 020 | _z9781588904836 | ||
| 020 | _z9781604065282 (ebook) | ||
| 020 | _z9783131430717 | ||
| 040 |
_aCaPaEBR _cCaPaEBR |
||
| 035 | _a(OCoLC)811403699 | ||
| 050 | 1 | 4 |
_aRD595 _b.R87 2006eb |
| 082 | 0 | 4 |
_a617.4/83 _222 |
| 100 | 1 | _aRussell, Stephen M. | |
| 245 | 1 | 0 |
_aExamination of peripheral nerve injuries _h[electronic resource] : _ban anatomical approach / _cStephen M. Russell. |
| 260 |
_aNew York : _bThieme, _cc2006. |
||
| 300 |
_axiv, 178 p. : _bcol. ill. |
||
| 500 | _aIncludes index. | ||
| 533 |
_aElectronic reproduction. _bPalo Alto, Calif. : _cebrary, _d2011. _nAvailable via World Wide Web. _nAccess may be limited to ebrary affiliated libraries. |
||
| 650 | 0 |
_aNerves, Peripheral _xWounds and injuries. |
|
| 650 | 0 |
_aNervous system _xDiseases _xDiagnosis. |
|
| 655 | 7 |
_aElectronic books. _2local |
|
| 710 | 2 | _aebrary, Inc. | |
| 856 | 4 | 0 |
_uhttp://site.ebrary.com/lib/rucke/Doc?id=10586981 _zAn electronic book accessible through the World Wide Web; click to view |
| 999 |
_c211720 _d211720 |
||